| 000 | 00467nam a2200181Ia 4500 | ||
|---|---|---|---|
| 001 | 20957 | ||
| 005 | 20260306172844.0 | ||
| 008 | 260306t1998||||xx |||||||||||||| ||spa|| | ||
| 041 | _aESP | ||
| 082 |
_a343.81 _bF52 |
||
| 100 |
_aFigueroa Bustamante, Hernán [1961-...] _eAUT |
||
| 245 | 0 | _aTemas de derecho financiero, bancario y bursátil | |
| 260 | _c1998 | ||
| 300 |
_a306 páginas : _c21 cm. |
||
| 650 | _aGEN | ||
| 654 | _aCCO | ||
| 942 |
_cLIB _dJUS _fJUS _2ddc _n |
||
| 999 |
_c20957 _d20957 |
||